Child language, learning and linguistics : an overview for the teaching and therapeutic professions /

Bibliographic Details
Main Author: Crystal, David, 1941-
Format: Book
Language:English
Published: London : Edward Arnold, 1987.
Edition:2nd ed.
Subjects:

MARC

Tag First Indicator Second Indicator Subfields
LEADER 00000cam a2200000 a 4500
001 in00000020724
005 20151007055443.0
008 870805s1987 enk b 00110 eng d
010 |a gb 87016856  
015 |a GB87-16856 
020 |a 0713164921 (pbk) :  |c £4.95 
035 |a (OCoLC)15594790 
035 |9 AAB8287AM 
040 |a UKM  |c UKM  |d TXA  |d UtOrBLW 
049 |a TXAM  |c [A11074491] 
050 4 |a P118  |b .C729 1987 
082 0 |a 401/.9  |2 19 
100 1 |a Crystal, David,  |d 1941- 
245 1 0 |a Child language, learning and linguistics :  |b an overview for the teaching and therapeutic professions /  |c David Crystal. 
250 |a 2nd ed. 
264 1 |a London :  |b Edward Arnold,  |c 1987. 
300 |a 106 pages ;  |c 22 cm. 
336 |a text  |b txt  |2 rdacontent 
337 |a unmediated  |b n  |2 rdamedia 
338 |a volume  |b nc  |2 rdacarrier 
500 |a Previous edition: 1976. 
504 |a Includes bibliographical references and indexes. 
650 0 |a Language acquisition. 
650 0 |a Native language  |x Study and teaching. 
650 0 |a Applied linguistics. 
999 |a MARS 
999 f f |s bda219c1-c3f2-310b-a5c2-f89403f03266  |i 7aac6e60-1eda-357e-9460-43f8c573e18a  |t 0 
952 f f |p ric  |a Texas A&M University  |b Rellis Campus  |c Joint Library Facility  |s JLF  |d Remote Storage  |t 0  |e P118 .C729 1987  |h Library of Congress classification  |i unmediated -- volume  |m A14811074491 
998 f f |a P118 .C729 1987  |t 0  |l Remote Storage